| 000 | 01475cam a2200361 a 4500 | ||
|---|---|---|---|
| 999 |
_c28144 _d28144 |
||
| 001 | 15484949 | ||
| 003 | OSt | ||
| 005 | 20170216161703.0 | ||
| 008 | 081015s2009 enkab b 001 0 eng | ||
| 010 | _a 2008044831 | ||
| 020 | _a9780415489829 (hbk. : alk. paper) | ||
| 020 | _a0415489822 (hbk. : alk. paper) | ||
| 020 | _a9780415489836 (pbk. : alk. paper) | ||
| 020 | _a0415489830 (pbk. : alk. paper) | ||
| 020 | _a9780203876381 (ebk.) | ||
| 020 | _a0203876385 (ebk.) | ||
| 035 | _a(OCoLC)ocn262737555 | ||
| 040 |
_aDLC _cDLC _dBTCTA _dYDXCP _dBWKUK _dBWK _dBWX _dDLC |
||
| 050 | 0 | 0 |
_aNA25 _b.C87 2009 |
| 082 | 0 | 0 |
_a720.75 _222 |
| 245 | 0 | 0 |
_aCurating architecture and the city / _cedited by Sarah Chaplin and Alexandra Stara. |
| 260 |
_aLondon ; _aNew York : _bRoutledge, _c2009. |
||
| 300 |
_axiii, 258 p. : _bill., maps ; _c25 cm. |
||
| 490 | 1 | _aAHRA critiques | |
| 504 | _aIncludes bibliographical references and index. | ||
| 650 | 0 |
_aArchitecture _vExhibitions. |
|
| 650 | 0 |
_aCities and towns _xInterpretive programs. |
|
| 700 | 1 | _aChaplin, Sarah. | |
| 700 | 1 |
_aStara, Alexandra, _d1967- |
|
| 830 | 0 |
_aCritiques ; _vv. 4. |
|
| 906 |
_a7 _bcbc _corignew _d1 _eecip _f20 _gy-gencatlg |
||
| 942 |
_2lcc _cBOOKS _hNA 25 .C87 2009 |
||